Sparsha (Hindi) (Record no. 74968)

MARC details
000 -LEADER
fixed length control field 00278nam a22001217a 4500
020 ## - INTERNATIONAL STANDARD BOOK NUMBER
ISBN 978 93 91934 46 0
082 ## - DEWEY DECIMAL CLASSIFICATION NUMBER
Classification number 811.214.21
Item number RED
100 ## - MAIN ENTRY--AUTHOR NAME
Personal name REDDY, Meda Mastan
245 ## - TITLE STATEMENT
Title Sparsha (Hindi)
260 ## - PUBLICATION, DISTRIBUTION, ETC. (IMPRINT)
Year of publication 2022
Place of publication Hyderabad
Name of publisher Geeta Prakashan
300 ## - PHYSICAL DESCRIPTION
Number of Pages 198p.
942 ## - ADDED ENTRY ELEMENTS (KOHA)
Koha item type Books
Holdings
Withdrawn status Lost status Damaged status Not for loan Home library Current library Date acquired Source of acquisition Full call number Accession Number Koha item type
        RRII Library RRII Library 23/03/2023 Complementary copy from Hindi section, HO, Kottayam 811.214.21 RED G01684 Books